El héroe

Wedi'i Gadw mewn:
Manylion Llyfryddiaeth
Prif Awdur: Gracián, Baltasar (autor)
Fformat: Llyfr
Iaith:Sbaeneg
Cyhoeddwyd: Buenos Aires Espasa-Calpe 1946
Rhifyn:5a. ed
Pynciau:
Tagiau: Ychwanegu Tag
Dim Tagiau, Byddwch y cyntaf i dagio'r cofnod hwn!

MARC

LEADER 00000nam a2200000 a 4500
001 UCQ5329
003 CL-VaPUC
008 980925e19460000AG |||||||||||||||||spa|d
082 0 4 |a 863  |b GRA  |2 21 
100 |a Gracián, Baltasar  |e autor  |9 378672 
245 1 3 |a El héroe 
246 1 3 |a El discreto 
250 |a 5a. ed 
300 |a 159 p 
942 |c BK 
945 |d 19980925 00:00:00  |a crobeson 
260 |a Buenos Aires  |b Espasa-Calpe  |c 1946 
650 0 |a Novelas españolas  |9 265052 
650 0 |a Literatura española  |9 306261 
583 |a last modification  |c 19980925 00:00:00  |k Rodrigo Vera 
999 |c 275542  |d 275540 
952 |0 0  |1 0  |4 0  |6 863_000000000000000_GRA_1946  |7 0  |8 A  |9 312310  |a BIBEDU  |b BIBEDU  |d 2019-11-20  |i 1470507  |o 863 GRA 1946  |p 1470507  |r 2019-11-20  |w 2019-11-20  |y BK  |k LIT